00614nam a22001217a 4500008004100000040005500041080002500096245021300121260011200334300001700446650001300463653001600476230623b |||||||| |||| 00| 0 eng d aNational Science LibrarycNational Science Library aR 5/6:171(058.7)bL8 aEvist resource directory: bA directory of programs and courses in the field of ethics and values in science and technology c/ Office of Science Education American Association for the Advancement of Science  aWashington, D.C.: bOffice of Science Education American Association for the Advancement of Science, c1978 aviii, 207p.  aScience  aTechnology